The reluctant ally: a study of communist neo-colonialism
Сохранить в:
| Главный автор: | |
|---|---|
| Формат: | |
| Язык: | английский |
| Опубликовано: |
Londres
Ampersand
1965
|
| Предметы: | |
| Метки: |
Добавить метку
Нет меток, Требуется 1-ая метка записи!
|
MARC
| LEADER | 00000nam a2200000 a 4500 | ||
|---|---|---|---|
| 001 | UCT7801 | ||
| 003 | CL-VaPUC | ||
| 008 | 970317e19650000UK |||||||||||||||||eng|d | ||
| 082 | 0 | 4 | |a 325.32 |b ION |2 21 |
| 100 | |a Ionescu, Ghita |e author |9 581635 | ||
| 245 | 1 | 4 | |a The reluctant ally: a study of communist neo-colonialism |
| 300 | |a 133 p | ||
| 942 | |c BK | ||
| 945 | |d 19970317 00:00:00 |a paguirre | ||
| 260 | |a Londres |b Ampersand |c 1965 | ||
| 650 | 0 | |a Imperialismo |9 258264 | |
| 650 | 0 | |a Colonialismo |9 316469 | |
| 650 | 7 | |a SISTEMAS POLITICOS |2 CL-VaPUC |9 378963 | |
| 650 | 0 | |a Comunismo |9 255588 | |
| 650 | 0 | |a Socialismo |9 255260 | |
| 651 | 0 | |a Rumania |9 314414 | |
| 583 | |a last modification |c 19970317 00:00:00 |k Rodrigo Vera | ||
| 999 | |c 256348 |d 256346 | ||
| 952 | |0 0 |1 0 |4 0 |6 325_320000000000000_ION_1965 |7 0 |8 A |9 279035 |a BIBDER |b BIBDER |d 2019-11-19 |i 1807900 |o 325.32 ION 1965 |p 1807900 |r 2023-01-25 |w 2019-11-19 |y BK |k DER | ||